00492nam a2200193 a 4500001001300000003000900013005001700022008004100039020001000080082001600090100001800106245002500124260003700149300000900186500003500195505003000230650002000260700001800280nice12345678IN_TiNIC20260116011955.0050524s1884 luca grp 000 0 per  ac10000a491.55bBUR aBurhanud, Din aHal-E-Tarkib-E-Kafia aLucknowbMatba Noolkishorec1884 a343p aincludes index and biblioraphy2 a3 volumes bound together. aPersian Grammar1 aBurhanud, Din